Statistics for Which City in Washington?

Click here to take the quiz!

General Stats

  • This quiz has been taken 154 times
  • The average score is 14 of 20

Answer Stats

DescriptionCity% Correct
State capital of WashingtonOlympia
100%
Home to the Space NeedleSeattle
100%
Sometimes confused with a larger Canadian city with the same nameVancouver
96%
This city's "Narrows Bridge" collapsed spectacularly in 1940Tacoma
94%
The most populous city in eastern WashingtonSpokane
90%
77% of the nation's hops are grown in the valley surrounding this cityYakima
82%
This swanky suburb shares its name with a famous New York mental hospitalBellevue
78%
The world's largest building by cubic footage is a Boeing assembly plant in this cityEverett
78%
The northernmost city with a population of more than 50,000 people
in the contiguous United States
Bellingham
73%
Costco's store brand is named for this cityKirkland
71%
This onion-growing center is home to Whitman CollegeWalla Walla
67%
Home to Microsoft headquartersRedmond
60%
This coastal city gets 83.2" of rain a year, perhaps explaining Nirvana's gloomy musicAberdeen
54%
This vampire-riddled town was the setting for the book "Twilight"Forks
54%
Home to Washington State UniversityPullman
53%
This difficult-to-pronunce city hosts the Washington State FairPuyallup
53%
Faux-Bavarian village on Route 2Leavenworth
47%
City that was built for the Manhattan Project during WWIIRichland
45%
This city bills itself as "The Apple Capital of the World"Wenatchee
45%
This tiny suburb is neither funky nor cold, but it is home to the world's two richest peopleMedina
37%

Score Distribution

Percentile by Number Answered

Percent of People with Each Score

Your Score History

You have not taken this quiz